000 00610nam a22001817a 4500
008 171019b xxu||||| |||| 00| p tur d
020 _a9754946272
041 _atur
050 _aPL248.E689
100 _9340
_aAhmet Erhan
245 _aÇağdaş Yenilgiler Ansiklopedisi
250 _a1.Basım
260 _aAnkara
_bBilgi Yayınevi
_cEkim 1997
300 _a103 Sayfa
500 _aAhmet Tüzün kitabı, 98'de Ankara'da edinmiş. Arka sayfasına kitabı değerlendiren bir yazı kaleme almış. Bilgi Yayınları / Yeni Dizi : 46 Ahmet Erhan : 5
650 0 _9145
_aTürk Edebiyatı
942 _2lcc
_cBK
999 _c1468
_d1444